College Football Matchups: Arizona State - Statistics

General Stats
  • This quiz has been taken 108 times
    21 since last reset
  • The average score is 14 of 16
Answer Stats
Games Opponent Subdivision % Correct
99 Arizona Power 4
100%
39 Oregon Power 4
95%
47 Oregon State Group of 5
95%
34 Stanford Power 4
95%
40 UCLA Power 4
95%
40 USC Power 4
95%
39 Washington Power 4
95%
47 Washington State Group of 5
95%
29 BYU Power 4
90%
36 California Power 4
90%
36 Utah Power 4
90%
30 New Mexico Group of 5
86%
30 New Mexico State Group of 5
81%
49 UTEP Group of 5
71%
42 Northern Arizona FCS
57%
30 San Jose State Group of 5
48%
No matching quizzes found
Score Distribution
Percent of People with Each Score
Percentile by Number Answered
Your Score History
You have not taken this quiz since the last reset